God's way to wholeness : (Record no. 4831)

MARC details
000 -LEADER
fixed length control field 00858cam a22002537a 4500
001 - CONTROL NUMBER
control field 1605033
003 - CONTROL NUMBER IDENTIFIER
control field OSt
005 - DATE AND TIME OF LATEST TRANSACTION
control field 20181214202402.0
008 - FIXED-LENGTH DATA ELEMENTS--GENERAL INFORMATION
fixed length control field 940602s1993 tnu 000 0 eng
010 ## - LIBRARY OF CONGRESS CONTROL NUMBER
LC control number 94166294
020 ## - INTERNATIONAL STANDARD BOOK NUMBER
International Standard Book Number 0840784309
040 ## - CATALOGING SOURCE
Original cataloging agency DLC
Transcribing agency DLC
Modifying agency DLC
050 00 - LIBRARY OF CONGRESS CALL NUMBER
Classification number MLCS 94/7650 (B)
082 ## - DEWEY DECIMAL CLASSIFICATION NUMBER
Classification number 248.4
Item number H418G
100 1# - MAIN ENTRY--PERSONAL NAME
Personal name Hayford, Jack W.
245 10 - TITLE STATEMENT
Title God's way to wholeness :
Remainder of title divine healing by the power of the Holy Spirit /
Statement of responsibility, etc. Jack W. Hayford ; with Nathaniel Van Cleave.
260 ## - PUBLICATION, DISTRIBUTION, ETC.
Place of publication, distribution, etc. Nashville, Tenn. :
Name of publisher, distributor, etc. T. Nelson,
Date of publication, distribution, etc. c1993.
300 ## - PHYSICAL DESCRIPTION
Extent 160 p. ;
Dimensions 22 cm.
490 0# - SERIES STATEMENT
Series statement The spirit-filled life kingdom dynamics study guides
856 42 - ELECTRONIC LOCATION AND ACCESS
Materials specified Publisher description
Uniform Resource Identifier <a href="http://www.loc.gov/catdir/enhancements/fy0609/94166294-d.html">http://www.loc.gov/catdir/enhancements/fy0609/94166294-d.html</a>
906 ## - LOCAL DATA ELEMENT F, LDF (RLIN)
a 7
b cbc
c orignew
d u
e ncip
f 19
g y-gencatlg
942 ## - ADDED ENTRY ELEMENTS (KOHA)
Source of classification or shelving scheme Dewey Decimal Classification
Koha item type Books
Holdings
Withdrawn status Lost status Source of classification or shelving scheme Damaged status Not for loan Collection code Home library Current library Shelving location Date acquired Cost, normal purchase price Total Checkouts Full call number Barcode Date last seen Price effective from Koha item type
    Dewey Decimal Classification   Not For Loan Non-fiction Harvest Mission College Harvest Mission College General Stacks 14.12.2018 190.00   248.4 H418G 005510 14.12.2018 14.12.2018 Books

OPAC Designed and Maintained by HMC Library Team.
Copyright © HMC Library,Greater Noida, UP.
For any Suggestions/Query Contact library via Email:libhmc@gmail.com